[Event "BL2-O9697"]
[Site "Germany"]
[Date "1997.??.??"]
[Round "?.5"]
[White "Pfretzschner, Roland"]
[Black "Boehlig, Heinz"]
[Result "1-0"]
[WhiteElo "2275"]
[BlackElo "2295"]

1.e4 c5 2.Nf3 e6 3.Nc3 a6 4.d4 cxd4 5.Nxd4 Qc7 6.g3 Nf6 7.Bg2 d6 8.O-O Bd7
9.Re1 Nc6 10.Nxc6 Bxc6 11.Nd5 Qd8 12.Bg5 Be7 13.Nxf6+ gxf6 14.Bh6 Qa5 15.c4 Rg8
16.a3 Rc8 17.b4 Qc7 18.Rc1 b6 19.b5 Bd7 20.bxa6 Qa7 21.e5 fxe5 22.Bb7 Rc7
23.Be3 Rxb7 24.axb7 Qxb7 25.Rb1 Bd8 26.Qxd6 Bc7 27.Qd3 Qf3 28.Qe2 Qc6 29.Rec1 Qe4
30.f3 Qc6 31.Bf2 f5 32.c5 b5 33.Rb4 Rg7 34.Rcb1 Qd5 35.Qd1 Bc6 36.Qxd5 exd5
37.Rh4 Kd7 38.f4 exf4 39.Bd4 Rg4 40.Rxg4 fxg4 41.gxf4 Bxf4 42.Rf1  1-0

[Event "BL2-O9697"]
[Site "Germany"]
[Date "1997.??.??"]
[Round "?.4"]
[White "Pfretzschner, Roland"]
[Black "Kyas, Juergen"]
[Result "1-0"]
[WhiteElo "2275"]
[BlackElo "2265"]

1.e4 c5 2.Nf3 e6 3.Nc3 a6 4.d4 cxd4 5.Nxd4 d6 6.g3 Nf6 7.Bg2 Be7 8.O-O Qc7
9.Be3 O-O 10.f4 Nc6 11.Nxc6 bxc6 12.Na4 Rb8 13.c4 c5 14.b3 Bb7 15.Nc3 Nd7
16.Qe2 Rbd8 17.Rad1 Nb8 18.Qf2 Nc6 19.g4 Rfe8 20.Kh1 Bf8 21.g5 g6 22.f5 Bg7
23.f6 Bf8 24.Qh4 Ne5 25.Bf4 Rd7 26.Rfe1 Red8 27.Re3 Qa5 28.Rh3 h5 29.Kg1 Bc6
30.Ne2 Qxa2 31.Ng3 Qxb3 32.Rf1 a5 33.Nxh5 Qxh3 34.Qxh3 Nxc4 35.Ng7 Rb7 36.Nxe6 Bd7
37.Nxd8 Bxh3 38.Nxb7 Bc8 39.Rc1 d5 40.exd5 Bxb7 41.Rxc4  1-0

[Event "BL2-S9798"]
[Site "Germany"]
[Date "1997.??.??"]
[Round "?.2"]
[White "Sick, Oliver"]
[Black "Ivanov, Mikhail M"]
[Result "1/2-1/2"]
[WhiteElo "2350"]
[BlackElo "2445"]

1.e4 c5 2.Nf3 e6 3.Nc3 a6 4.d4 cxd4 5.Nxd4 b5 6.Be2 Bb7 7.Bf3 b4 8.Nce2 Qc7
9.O-O Bd6 10.g3 Nf6 11.Qd3 Nc6 12.Nxc6 dxc6 13.Bg5 O-O 14.Bxf6 gxf6 15.Bg2 c5
16.Qf3 Be7 17.Qe3 Rfd8 18.Rad1 a5 19.Nf4 Rxd1 20.Rxd1 Rd8 21.Rxd8+ Qxd8 22.Qd3 Qc7
23.b3 Bc6 24.h4 a4 25.Kh2 a3 26.Qc4 Qd7 27.Qd3 Qc7 28.Qe2 Qe5 29.Nh5 Kf8
30.f4 Qd6 31.Qg4 f5 32.exf5 Qd2 33.Qg7+ Ke8 34.Qg8+ Kd7 35.fxe6+ Kc7 36.Kh3 Qxg2+
37.Kg4 Qf3+ 38.Kh3 Qh1+ 39.Kg4 Bf3+ 40.Kf5 Be4+ 41.Ke5 fxe6 42.Qxe6 Kd8 43.Qb6+ Ke8
44.Qe6 Kd8 45.Qb6+ Ke8 46.Qe6 Kd8  1/2-1/2

[Event "BL9697 (Women)"]
[Site "Germany"]
[Date "1997.??.??"]
[Round "?"]
[White "Bednarska, Malgorzata"]
[Black "Jahn, Constanze"]
[Result "1-0"]
[WhiteElo "2165"]
[BlackElo "2225"]

1.e4 c5 2.Nf3 e6 3.d4 cxd4 4.Nxd4 a6 5.Nc3 Qc7 6.Be2 Bb4 7.Qd3 Nf6 8.O-O Nc6
9.Kh1 O-O 10.f4 Nxd4 11.Qxd4 Bc5 12.Qd3 d6 13.f5 b5 14.Bg5 b4 15.Bxf6 gxf6
16.Na4 e5 17.Qg3+ Kh8 18.Qh4 Qe7 19.Rf3 Rg8 20.Rd1 Bd7 21.Nxc5 dxc5 22.c3 Bb5
23.c4 Bc6 24.Rh3 Rg7 25.Rhd3 Rc8 26.Rd6 Rg5 27.R1d3 Kg8 28.Bf3 Be8 29.Qh6 Rc6
30.Rd8 Qf8 31.Qh4 Kh8 32.Bd1 Rg8 33.Ba4 Qe7 34.Bxc6 Bxc6 35.Rh3  1-0

[Event "BL9697 (Women)"]
[Site "Germany"]
[Date "1997.??.??"]
[Round "?"]
[White "Barthel, Bergit"]
[Black "Steinbacher, Claudia"]
[Result "1/2-1/2"]
[WhiteElo "2095"]
[BlackElo "2030"]

1.e4 c5 2.Nf3 e6 3.d4 cxd4 4.Nxd4 a6 5.Nc3 Qc7 6.g3 Nf6 7.Bg2 d6 8.O-O Bd7
9.Be3 Nc6 10.a4 Be7 11.Nxc6 Bxc6 12.a5 Nd7 13.f4 O-O 14.g4 Rae8 15.g5 f5
16.Rf3 Nc5 17.Rh3 g6 18.Rh6 Nxe4 19.h4 Nxc3 20.bxc3 Rf7 21.Bb6 Qb8 22.Bxc6 bxc6
23.h5 Rg7 24.hxg6 hxg6 25.Qe2 Qc8 26.Qh2 c5 27.Kf2 Kf7 28.Rh1 Reg8 29.Rh8 Bf8
30.Rh3 Qc6 31.Re1 Be7 32.Rhe3 d5 33.c4 d4 34.Rxe6 Qxe6 35.Rxe6 Kxe6 36.Qh1 Kf7
37.Qd5+ Ke8 38.Qc6+ Kf7 39.Bxc5 Bxc5 40.Qd5+ Ke8 41.Qxc5 Re7 42.Qc6+ Kf7
43.Qf6+ Ke8 44.Qxd4 Rgg7 45.c5 Kf8 46.Qd8+ Re8 47.Qd5 Rge7 48.Qd6 Kg7 49.Qxa6 Re4
50.Qf6+ Kh7 51.Qf7+ Kh8 52.Kg3 Re3+ 53.Kf2 Re2+ 54.Kf1  1/2-1/2

[Event "BL9798 (Women)"]
[Site "Germany"]
[Date "1997.??.??"]
[Round "?.3"]
[White "Heymann, Ulrike"]
[Black "Jahn, Constanze"]
[Result "1/2-1/2"]
[WhiteElo "2125"]
[BlackElo "2180"]

1.e4 c5 2.Nf3 e6 3.d4 cxd4 4.Nxd4 a6 5.Nc3 Qc7 6.Bd3 Nc6 7.Nxc6 dxc6 8.O-O e5
9.f4 Bc5+ 10.Kh1 Nf6 11.f5 h6 12.a4 a5 13.Bd2 Qe7 14.Qf3 b6 15.Be1 Nh7 16.Rd1 Ba6
17.Bxa6 Rxa6 18.Qd3 Ra7 19.Bg3 O-O 20.Rd2 Nf6 21.Bh4 Rd7 22.Qxd7 Qxd7 23.Rxd7 Nxd7
24.Rd1 Nf6 25.Bxf6 gxf6 26.Ne2 Rc8 27.Nc1 Kf8 28.g3 Ke7 29.Kg2 Rb8  1/2-1/2

[Event "BL2-N9697"]
[Site "Germany"]
[Date "1997.??.??"]
[Round "?.6"]
[White "Virnik, Elena"]
[Black "Mattick, Lutz"]
[Result "0-1"]
[WhiteElo "2175"]
[BlackElo "2270"]

1.e4 c5 2.Nf3 e6 3.Nc3 a6 4.d4 cxd4 5.Nxd4 Qc7 6.Be2 b5 7.f4 Bb7 8.Bf3 d6
9.O-O Nd7 10.Qe1 Ngf6 11.e5 dxe5 12.fxe5 Bc5 13.Be3 Qxe5 14.Bxb7 Ng4 15.Rf4 Nxe3
16.Re4 Bxd4 17.Qd2 Nf5+ 18.Kh1 Bxc3 19.bxc3 Qb8 20.Bxa8 Qxa8 21.Ree1 Nf6
22.a4 bxa4 23.Rxa4 O-O 24.Rea1 Rd8 25.Rxa6 Qb8 26.Qe2 h5 27.Qf3 Ng4 28.g3 Qe5
29.Ra8 Rxa8 30.Rxa8+ Kh7 31.Ra1 g6 32.Rb1 Kg7 33.c4 Nh4 34.Qf4 Qxf4 35.gxf4 Nf5
36.c5 Nf2+ 37.Kg2 Ne4 38.c6 Ne7 39.c7 Nd6 40.Kf3 Kf6 41.Rb8 e5 42.c4 e4+
43.Ke3 Nxc4+ 44.Kxe4 Nd6+ 45.Kf3 Nec8 46.Ra8 Ke6 47.Ra5 Kd7 48.Rc5 f6 49.Rc1 Ne8
50.h4 f5 51.Rc2 Nxc7 52.Rd2+ Ke6 53.Rc2 Kd6 54.Rb2 Ne7 55.Rb6+ Nc6 56.Rb1 Nd4+
57.Ke3 Nde6  0-1

[Event "BL2-N9697"]
[Site "Germany"]
[Date "1997.??.??"]
[Round "?.2"]
[White "Penzold, Andreas"]
[Black "Meier, Volker"]
[Result "1/2-1/2"]
[WhiteElo "2285"]
[BlackElo "2285"]

1.e4 c5 2.Nf3 e6 3.d4 cxd4 4.Nxd4 a6 5.Nc3 Qc7 6.Be2 b5 7.Bf3 Bb7 8.O-O Nc6
9.Nxc6 dxc6 10.a4 Bd6 11.e5 Bxe5 12.axb5 axb5 13.Rxa8+ Bxa8 14.Nxb5 cxb5
15.Bxa8 Nf6 16.g3 O-O 17.Bf3 b4 18.Qd3 Rc8 19.Rd1 h6 20.Rd2 Qc5 21.Kg2 Ne8
22.Re2 Bd4 23.Qb3 Nf6 24.Bd2 Qxc2 25.Qxc2 Rxc2 26.Bxb4 Rxe2 27.Bxe2 Bxb2
28.Bc5 Nd5 29.Bc4 f6 30.Kf1 Kf7 31.Ke2 f5 32.Kf3 g6 33.h3 Nf6 34.Kg2 Ne4
35.Bb6 Ba3 36.Bd3 Nf6 37.Bd4 Nd5 38.Bc4 Be7 39.Bb3 Bf6 40.Bc5 Bc3 41.Bc4 Kf6
42.Bf8 h5 43.h4 Bd4 44.Bb3 Kf7 45.Ba3 Nf6 46.Bb4 Ng4 47.Be1 Kf6 48.Bd1 e5
49.Ba4 e4 50.Be8 Ne5 51.Kf1 Nd3 52.Ke2 f4 53.Bc6 f3+ 54.Kf1 Kf5 55.Bd7+ Ke5
56.Be8 Kf6 57.Bc6 Nc5 58.Bb4  1/2-1/2

[Event "BL2-N9697"]
[Site "Germany"]
[Date "1997.??.??"]
[Round "?.5"]
[White "Stanke, Juergen"]
[Black "Sieg, Ulrich"]
[Result "1-0"]
[WhiteElo "2310"]
[BlackElo "2320"]

1.e4 c5 2.Nf3 e6 3.Nc3 a6 4.d4 cxd4 5.Nxd4 Qc7 6.g3 Bb4 7.Ne2 Be7 8.Bg2 Nf6
9.O-O O-O 10.h3 Nc6 11.g4 h6 12.f4 Nh7 13.Kh1 d6 14.Be3 b5 15.a3 Bd7 16.Bf2 Rfd8
17.h4 b4 18.axb4 Nxb4 19.Bg3 Bc6 20.Nd4 Bb7 21.g5 hxg5 22.fxg5 g6 23.Qe2 e5
24.Nb3 a5 25.Rf2 Bc6 26.Qc4 Rf8 27.Nd5 Qd8 28.Nxb4  1-0

[Event "BL2-O9697"]
[Site "Germany"]
[Date "1997.??.??"]
[Round "?.4"]
[White "Kirchner, Thomas"]
[Black "Priehoda, Vitezslav"]
[Result "0-1"]
[WhiteElo "2245"]
[BlackElo "2425"]

1.e4 c5 2.Nf3 e6 3.d4 cxd4 4.Nxd4 a6 5.Nc3 Qc7 6.g3 Bb4 7.Ne2 Be7 8.Bg2 Nf6
9.O-O O-O 10.Nf4 d6 11.Nd3 Nc6 12.f4 b5 13.Be3 Bb7 14.g4 Na5 15.g5 Nd7 16.Ne2 Nc4
17.Bf2 e5 18.b3 Ncb6 19.h4 Rac8 20.fxe5 dxe5 21.Ng3 Qxc2 22.Nf5 Ba3 23.Qf3 Rc3
24.Rad1 Qxa2 25.Bxb6 Nxb6 26.Nh6+ gxh6 27.gxh6 Rc6 28.Nxe5 Rxh6 29.Rf2 Bc5
30.Ng4 Rg6 31.h5 Rxg4 32.Qxg4+ Kh8 33.Rf1 Bxf2+ 34.Rxf2 Qa1+ 35.Kh2 Qe5+
36.Kh1 Rg8 37.Qh4 Rg5 38.Bf3 Qa1+  0-1

[Event "Landesliga Sued 9697 Bayern"]
[Site "Germany"]
[Date "1997.??.??"]
[Round "?"]
[White "Werner, Konrad"]
[Black "Wagner, Simon"]
[Result "1/2-1/2"]
[WhiteElo "1980"]
[BlackElo "1995"]

1.e4 c5 2.Nc3 e6 3.Nf3 a6 4.d4 cxd4 5.Nxd4 d6 6.g3 b5 7.a3 Bb7 8.Bg2 Qc7
9.O-O Nf6 10.Re1 Be7 11.Qe2 O-O 12.Bd2 Nfd7 13.a4 Bf6 14.Be3 Nc6 15.Nxc6 Bxc6
16.axb5 Bxc3 17.bxc3 Bxb5 18.Qd2 Ne5 19.f4 Nc4 20.Qf2 Rac8 21.Bc1 Rfd8  1/2-1/2

[Event "Landesliga Sued 9697 Bayern"]
[Site "Germany"]
[Date "1997.??.??"]
[Round "?"]
[White "Wagner, Simon"]
[Black "Schneider, Roland"]
[Result "1-0"]
[WhiteElo "1995"]
[BlackElo "2020"]

1.e4 c5 2.Nf3 e6 3.Nc3 a6 4.d4 cxd4 5.Nxd4 Nc6 6.Be2 d6 7.O-O Nf6 8.Be3 Be7
9.f4 Qc7 10.Kh1 O-O 11.Qe1 Nxd4 12.Bxd4 b5 13.Bd3 Rd8 14.e5 Ne8 15.Qe4 g6
16.Qxa8 Bb7 17.Qa7 Ra8 18.Qb6 Qb8 19.Bg1 b4 20.Ne4  1-0

[Event "Landesliga Sued 9697 Bayern"]
[Site "Germany"]
[Date "1997.??.??"]
[Round "?"]
[White "Wagner, Simon"]
[Black "Hornung, Hans"]
[Result "1-0"]
[WhiteElo "1995"]
[BlackElo "2130"]

1.e4 c5 2.Nf3 e6 3.Nc3 a6 4.d4 cxd4 5.Nxd4 d6 6.Be2 b5 7.f4 Bb7 8.Bf3 Nd7
9.O-O b4 10.Nce2 e5 11.Nf5 Qc7 12.Kh1 g6 13.Ne3 Ngf6 14.c3 bxc3 15.Nxc3 Bg7
16.f5 O-O 17.Qe1 Nc5 18.Qh4 Rfe8 19.fxg6 hxg6 20.Be2 Ncxe4 21.Nxe4 Nxe4 22.Bc4 d5
23.Bxd5 Bxd5 24.Nxd5 Qc4 25.Rd1 f5 26.Be3 Qe2 27.Re1 Qc2 28.Rac1 Qxb2 29.Rc7 Re6
30.Ne7+ Kf8 31.Bh6 g5 32.Bxg7+ Kxg7  1-0

[Event "Landesliga Nord 9697 Bayern"]
[Site "Germany"]
[Date "1997.??.??"]
[Round "?"]
[White "Heimrath, Wolfgang"]
[Black "Tiller, Jaroslav"]
[Result "1/2-1/2"]
[WhiteElo "2140"]
[BlackElo "2145"]

1.e4 c5 2.Nf3 e6 3.d4 cxd4 4.Nxd4 a6 5.Nc3 Qc7 6.Bd3 Nf6 7.O-O Nc6 8.Nxc6 bxc6
9.f4 d6 10.Kh1 Be7 11.Qf3 e5 12.fxe5 dxe5 13.Bc4 O-O 14.Be3 Bg4 15.Qg3 Bh5
16.Bd4 Nd7 17.Nd1 Bg6 18.Nf2 Kh8 19.Bc3 a5 20.a3 Bc5 21.Nd3 Bd6 22.Rae1 Rae8
23.Qg4 Nf6 24.Qh4 Nh5 25.Rd1 Nf6 26.Rde1 Nh5 27.Rd1 Nf6 28.Rfe1 Nh5 29.Rd2 Nf6
30.Rf2 Kg8 31.Bd2 Nd7 32.Rf3 Nc5 33.Nxc5 Bxc5 34.Bc3 Bd4 35.Qg3 Qb6 36.b3 Bh5
37.Rff1 Bg6 38.Rf3 Rd8 39.h3 Qc5 40.Kh2 Qxa3 41.Bxd4 exd4 42.e5 Rfe8 43.e6 fxe6
44.Rxe6 Rxe6 45.Bxe6+ Kh8 46.Qc7 Rf8 47.Rxf8+ Qxf8 48.Qxc6  1/2-1/2

[Event "Landesliga Nord 9697 Bayern"]
[Site "Germany"]
[Date "1997.??.??"]
[Round "?"]
[White "Strube, Frank"]
[Black "Bunk, Karsten"]
[Result "1-0"]
[WhiteElo "2200"]
[BlackElo "2100"]

1.e4 c5 2.Nf3 e6 3.d4 cxd4 4.Nxd4 a6 5.Nc3 Qc7 6.g3 Bb4 7.Ne2 Nf6 8.Bg2 Be7
9.a4 Nc6 10.O-O O-O 11.h3 d6 12.f4 Qb6+ 13.Kh2 Rd8 14.g4 h6 15.Ng3 d5 16.e5 Nd7
17.Nce2 Nf8 18.Qd3 Bd7 19.Be3 Bc5 20.Bxc5 Qxc5 21.c3 Rac8 22.h4 Na5 23.f5 Qc4
24.Qe3 Nb3 25.Rae1 Nc5 26.Rd1 Qxa4 27.Rd4 Qc2 28.Rd2 Qa4 29.Rf4 Qc6 30.f6 g5
31.hxg5 hxg5 32.Rf5 exf5 33.Qxg5+ Ng6 34.Qh6 Ne6 35.gxf5 Ngf8 36.Rd4 Qc4
37.Rxc4 Rxc4 38.Bxd5 Rg4 39.Qh3 Rg5 40.Qh4 Nh7 41.fxe6 Bxe6 42.Be4  1-0

[Event "Karsten Kold op"]
[Site "Gistrup"]
[Date "1997.??.??"]
[Round "2"]
[White "Jensen, Bjarke"]
[Black "Jakobsen, Lars Veno"]
[Result "1-0"]
[WhiteElo "2110"]
[BlackElo "2340"]

1.e4 c5 2.Nf3 e6 3.d4 cxd4 4.Nxd4 a6 5.Nc3 Qc7 6.Be2 Nf6 7.O-O b5 8.Bf3 Bb7
9.Re1 d6 10.Nd5 exd5 11.exd5+ Kd8 12.Bg5 Nd7 13.c4 bxc4 14.Rc1 Ne5 15.b3 c3
16.Re3 Rc8 17.Qe1 Qb6 18.Nf5 h6 19.Bxf6+ gxf6 20.Kh1 c2 21.Be4 Rc5 22.Qd2 Ng4
23.Re2 h5 24.h3 Ne5 25.f4 Nd7 26.Bf3 Bc8 27.Qd4 Kc7 28.b4 Rb5 29.Rexc2+ Nc5
30.bxc5 dxc5 31.d6+ Bxd6 32.Nxd6 Qxd6 33.Rxc5+ Kd7 34.Rc7+  1-0

[Event "Karsten Kold op"]
[Site "Gistrup"]
[Date "1997.??.??"]
[Round "4"]
[White "Hartman, Christer"]
[Black "Jakobsen, Lars Veno"]
[Result "1-0"]
[WhiteElo "2320"]
[BlackElo "2340"]

1.e4 c5 2.Nf3 e6 3.d4 cxd4 4.Nxd4 a6 5.Nc3 Qc7 6.g3 Bb4 7.Ne2 Nf6 8.Bg2 O-O
9.O-O Be7 10.Nf4 d6 11.g4 Nc6 12.g5 Nd7 13.Nd3 b5 14.f4 Rd8 15.f5 Nde5 16.f6 Bf8
17.fxg7 Bxg7 18.Nf4 Ne7 19.Nh5 b4 20.Nf6+ Bxf6 21.gxf6 N7g6 22.Qh5 Kh8 23.Ne2 Qxc2
24.Bh6 Rg8 25.Ng3 Qxb2 26.Bg7+ Rxg7 27.fxg7+ Kxg7 28.Qg5 Bd7 29.Qf6+ Kf8
30.Rad1 Qc3 31.Kh1 Qc5 32.Rc1 Qb6 33.Nf5 exf5 34.exf5 Ra7 35.fxg6 hxg6 36.Bd5 Bg4
37.Rce1 Rb7 38.Qh8+ Ke7 39.Rxf7+  1-0

[Event "Karsten Kold op"]
[Site "Gistrup"]
[Date "1997.??.??"]
[Round "6"]
[White "Kupreichik, Viktor D"]
[Black "Jakobsen, Lars Veno"]
[Result "1-0"]
[WhiteElo "2500"]
[BlackElo "2340"]

1.e4 c5 2.Nf3 e6 3.d4 cxd4 4.Nxd4 a6 5.Nc3 b5 6.Bd3 Bb7 7.O-O d6 8.Qe2 Be7
9.a4 b4 10.Na2 d5 11.Bd2 Qb6 12.c3 bxc3 13.bxc3 Nf6 14.Rab1 Qc7 15.exd5 Nxd5
16.Rfe1 Nf6 17.Bf4 Qd7 18.Qb2  1-0

[Event "Karsten Kold op"]
[Site "Gistrup"]
[Date "1997.??.??"]
[Round "7"]
[White "Hartman, Christer"]
[Black "Kengis, Edvins"]
[Result "0-1"]
[WhiteElo "2320"]
[BlackElo "2590"]

1.e4 c5 2.Nf3 e6 3.d4 cxd4 4.Nxd4 a6 5.Nc3 b5 6.Bd3 Qb6 7.Nb3 Qc7 8.f4 Bb7
9.Qf3 Nf6 10.O-O d6 11.Bd2 Nbd7 12.Rae1 Be7 13.Qh3 b4 14.Nd1 d5 15.e5 Ne4
16.Be3 g6 17.Nf2 Ndc5 18.Nxc5 Nxc5 19.Bd4 O-O-O 20.Qe3 Kb8 21.c3 b3 22.axb3 Nxb3
23.Bb6 Qc6 24.Bxd8 Rxd8 25.Qe2 Qb6 26.Kh1 a5 27.Ng4 Nc5 28.b4 Nxd3 29.Qxd3 Ba6
30.b5 Bxb5 31.Qb1 Kc7 32.Rf2 Bc6 33.Rb2 Qa6 34.Nf2 Qc4 35.Nd3 Ra8 36.Rb6 Ra7
37.Re2 Kd7 38.Ra2 Bd8 39.Rb3 Bc7 40.Qg1 Qxd3  0-1

[Event "Karsten Kold op"]
[Site "Gistrup"]
[Date "1997.??.??"]
[Round "9"]
[White "Hartman, Christer"]
[Black "Hellsten, Johan"]
[Result "1/2-1/2"]
[WhiteElo "2320"]
[BlackElo "2495"]

1.e4 c5 2.Nf3 e6 3.d4 cxd4 4.Nxd4 a6 5.Nc3 Qc7 6.g3 Nf6 7.Bg2 Be7 8.O-O O-O
9.Be3 Nc6 10.Qe2 d6 11.Rad1 Bd7 12.h3 Nxd4 13.Bxd4 Bc6 14.Rfe1 Rfe8 15.e5 dxe5
16.Bxe5 Qb6 17.Ne4 Nxe4 18.Bxe4 Rad8 19.Qg4 Bf8 20.Qf3 Bxe4 21.Qxe4 Qa5 22.Bc3 Qc7
23.Be5 Qc8 24.c4 Rd7 25.Rxd7 Qxd7 26.Re3 Rd8 27.Rb3 b5 28.cxb5 axb5 29.Bc3 Rc8
30.Bb4 f5 31.Qf3 Bxb4 32.Rxb4 h6 33.Rb3 Rc1+ 34.Kh2 Rc2 35.Kg2 Kh7 36.g4 Rc1
37.Rd3 Qc8 38.gxf5 exf5 39.Rd5 Rc5 40.b4 Rxd5 41.Qxd5 Qa6 42.Qxf5+ Kh8 43.a3 Qc6+
44.Qf3 Qg6+ 45.Kh2 Qd6+ 46.Qg3 Qd5 47.Qe3 Kh7 48.Kg3 Kg6 49.Qb6+ Kh7 50.Qc5 Qd3+
51.f3 Qf1 52.Qf5+ Kh8 53.Qc8+ Kh7 54.Qc2+ Kh8 55.Qf2 Qd3 56.Qc5 Qg6+ 57.Kf4 Qf6+
58.Kg3 Qg6+ 59.Kf2 Qd3 60.Qe3 Qd7 61.h4 Qd8 62.Qe4 Qb8 63.Ke2 Qg8 64.Ke3 Qb3+
65.Kd4 Qxa3 66.Kc5 Qa6 67.Qe8+ Kh7 68.Qxb5 Qa7+ 69.Kc4 Qa2+ 70.Kd3 Qb1+ 71.Ke2 Qc2+
72.Ke3 Qc1+ 73.Kf2 Qd2+ 74.Kf1 g6 75.Qb7+ Kg8 76.Qe4 Kf7 77.Qc4+ Kf6 78.b5 Qd1+
79.Kg2 Qd2+ 80.Kh3 Qf2 81.Qf4+ Ke6 82.Qg3 Qf1+ 83.Qg2 Qb1 84.Qg4+ Kf7 85.Qf4+ Kg7
86.Qe5+ Kg8 87.Qd5+ Kg7 88.Qd7+ Kg8 89.Qc8+ Kg7 90.Qc7+ Kg8 91.b6 Qf1+ 92.Kg3 Qg1+
93.Kf4 Qd4+ 94.Kg3 Qg1+ 95.Kh3 Qf1+  1/2-1/2

[Event "Dov Porath mem"]
[Site "Givatayim"]
[Date "1997.??.??"]
[Round "5"]
[White "Mikhalevski, Victor"]
[Black "Finkel, Alexander"]
[Result "1/2-1/2"]
[WhiteElo "2535"]
[BlackElo "2505"]

1.Nf3 c5 2.e4 e6 3.Nc3 a6 4.d4 cxd4 5.Nxd4 Qc7 6.Bd3 Nf6 7.O-O b5 8.e5 Qxe5
9.Qf3 d5 10.Nf5 Qc7 11.Bg5 Nbd7 12.Rfe1 Bb7 13.Bf4 Qc5 14.Be3 Qc7 15.Bf4 Qc5
16.Be3 Qc7 17.Bf4 Qb6 18.a4 b4 19.a5 Qd8 20.Bxa6 Bxa6 21.Nxd5 Rc8 22.Nxb4 Bxb4
23.Nxg7+ Ke7 24.Nf5+ Ke8 25.Ng7+ Ke7 26.Nf5+ Ke8 27.Ng7+ Ke7  1/2-1/2

[Event "Hafnarfjordur"]
[Site "Hafnarfjordur"]
[Date "1997.??.??"]
[Round "6"]
[White "Gunnarsson, Jon Viktor"]
[Black "Astrom, Robert"]
[Result "1-0"]
[WhiteElo "2315"]
[BlackElo "2455"]

1.e4 c5 2.Nf3 e6 3.d4 cxd4 4.Nxd4 a6 5.Nc3 b5 6.a3 Bb7 7.Be2 d6 8.f4 Nf6
9.Bf3 Qc7 10.O-O Nc6 11.Nb3 Be7 12.Qe2 O-O 13.g4 Rfe8 14.Be3 Nd7 15.Qf2 Rac8
16.g5 Bf8 17.Bg2 Ba8 18.Rad1 Rb8 19.Ne2 a5 20.Nbd4 Nxd4 21.Bxd4 b4 22.axb4 axb4
23.Rd2 Nc5 24.Ng3 e5 25.Bxc5 dxc5 26.fxe5 c4 27.Kh1 c3 28.bxc3 bxc3 29.Rd3 Rxe5
30.Rfd1 Rxg5 31.Rd7 Qc4 32.Qf4 Rxg3 33.Qxg3 Re8 34.Rd8 Qe2 35.Qd3 Qxd3 36.R1xd3 Rxe4
37.Rxa8 Re1+ 38.Bf1 Rxf1+ 39.Kg2 Rc1 40.Rdd8 Rxc2+ 41.Kg3 h5 42.Rxf8+ Kh7
43.Rxf7 Rc1 44.Rc7  1-0

[Event "Wichern op"]
[Site "Hamburg"]
[Date "1997.??.??"]
[Round "1"]
[White "Breyther, Ruediger"]
[Black "Luckow, Rolf"]
[Result "1-0"]
[WhiteElo "2395"]
[BlackElo "2165"]

1.e4 c5 2.Nf3 e6 3.d4 cxd4 4.Nxd4 a6 5.Nc3 Ne7 6.Bd3 Nbc6 7.Nxc6 Nxc6 8.O-O Qc7
9.f4 b5 10.Kh1 Bb7 11.a4 b4 12.Ne2 Bc5 13.b3 O-O 14.Bb2 f6 15.Qe1 Rac8 16.Qh4 Qd8
17.Rf3 Qe7 18.f5 Ne5 19.Rh3 h6 20.Nf4 exf5 21.exf5 Nxd3 22.cxd3 Bd6 23.Re1 Qf7
24.Rg3 Rfe8 25.Rg1 Bxf4 26.Qxf4 Re2 27.Qxb4 Bd5 28.Bd4 Rcc2 29.Qd6 Kh7 30.b4 Bc6
31.h3 Qh5 32.Rxg7+  1-0

[Event "HUN-chT2 9798"]
[Site "HUN"]
[Date "1997.??.??"]
[Round "?"]
[White "Bokros, Istvan"]
[Black "Szeberenyi, Adam"]
[Result "0-1"]
[WhiteElo "2145"]
[BlackElo "2225"]

1.e4 c5 2.Nf3 e6 3.d4 cxd4 4.Nxd4 a6 5.Nc3 Qc7 6.Bd3 Nc6 7.Be3 Nf6 8.O-O Bb4
9.Na4 Ne5 10.Nf3 Nfg4 11.Nxe5 Nxe3 12.fxe3 Qxe5 13.Qf3 O-O 14.Nb6 Rb8 15.Nc4 Qg5
16.e5 b5 17.Qe4 g6 18.h4 Qe7 19.Na3 Bb7 20.Qf4 Bc5 21.Nb1 d6 22.exd6 Bxd6
23.Qh6 Bg3 24.Nd2 Qxh4 25.Qxh4 Bxh4 26.Ne4 Be7 27.Nf6+ Bxf6 28.Rxf6 Rbd8
29.Raf1 Rd7 30.a4 bxa4 31.R6f4 Bc6 32.Bxa6 Rb8 33.Rb1 Rd2 34.Rf2 Rxf2 35.Kxf2 Be4
36.Bd3 Bxd3 37.cxd3 Rb3 38.Ra1 Rxb2+ 39.Kf3 Rb4 40.g4 Kg7 41.d4 Kf6 42.Ke4 Kg5
43.Ke5 Kxg4 44.Rg1+ Kf3 45.Rf1+ Kxe3 46.Rxf7 h5 47.Rg7 Rxd4 48.Rxg6 Re4+  0-1

[Event "HUN-chT 9798"]
[Site "Hungary"]
[Date "1997.??.??"]
[Round "?"]
[White "Horvath, Andras"]
[Black "Lehoczki, Viktor"]
[Result "1/2-1/2"]
[WhiteElo "2260"]
[BlackElo "2030"]

1.e4 c5 2.Nf3 e6 3.Nc3 a6 4.d4 cxd4 5.Nxd4 Qc7 6.Be2 b5 7.O-O Bb7 8.f4 b4
9.Na4 Bxe4 10.Be3 Nc6 11.c4 Nf6 12.Nb3 d6 13.Bf3 Bxf3 14.Qxf3 Be7 15.f5 O-O
16.fxe6 fxe6 17.Qh3 e5 18.Rac1 Rab8 19.c5  1/2-1/2

[Event "HUN-chT 9798"]
[Site "Hungary"]
[Date "1997.??.??"]
[Round "?"]
[White "Gross, Stefan"]
[Black "Borocz, Istvan"]
[Result "0-1"]
[WhiteElo "2340"]
[BlackElo "2420"]

1.e4 c5 2.Nf3 e6 3.d4 cxd4 4.Nxd4 a6 5.Nc3 Qc7 6.Bd3 Nf6 7.O-O Nc6 8.Nxc6 dxc6
9.f4 e5 10.f5 b5 11.a4 Bb7 12.Qe2 Be7 13.b3 Bc5+ 14.Kh1 Bd4 15.Bb2 O-O 16.Nd1 Bxb2
17.Nxb2 Rfd8 18.Nd1 Rd4 19.Nf2 Rad8 20.Ng4 Qe7 21.Nxf6+ Qxf6 22.axb5 cxb5
23.Rae1 a5 24.Rf3 Rc8 25.Ra1 a4 26.bxa4 bxa4 27.Qe1 Bc6 28.Re3 Qd8 29.h3 Rb8
30.Qc3 Qd6 31.Ree1 h6 32.Re2 Rb6 33.Qe1 Qc5 34.f6 g6 35.Re3 Bd7 36.Rf3 Rdd6
37.Qh4 Kh7 38.Rff1 Qc6 39.Qg3 Qc5 40.Qh4 Be8 41.Kh2 g5 42.Qg3 Rxf6 43.Qe1 Kg7
44.Qd2 Rf4 45.g3 Rff6 46.Kg2 Rbd6 47.Rfe1 Bc6 48.Qe3 Qc3 49.Qc1 Rd4 50.Re2 Qc5
51.Qa3 Qa7 52.Rae1 h5 53.Re3 g4 54.hxg4 hxg4 55.Rf1 Rxf1 56.Kxf1 Rd8 57.Ke2 Rh8
58.Kd2 Qa5+ 59.c3 Qb6 60.Re2 Rd8 61.Re3 Bb5 62.Ke2 Rxd3 63.Rxd3 Qa6 64.Qe7 Bxd3+
65.Ke3 Bb1  0-1

[Event "HUN-chT 9798"]
[Site "Hungary"]
[Date "1997.??.??"]
[Round "?"]
[White "Tolnai, Tibor"]
[Black "Chernin, Alexander"]
[Result "1/2-1/2"]
[WhiteElo "2550"]
[BlackElo "2635"]

1.e4 c5 2.Nf3 e6 3.d4 cxd4 4.Nxd4 a6 5.Nc3 b5 6.Bd3 Qb6 7.Nb3 Qc7 8.f4 d6
9.Qf3 Nf6 10.g4 Nfd7 11.g5 Bb7 12.Bd2 Nc5 13.h4 Nbd7 14.Qe2 b4 15.Nd1 d5
16.e5 Nxb3 17.axb3 Nc5 18.Rh2 Nxd3+ 19.Qxd3 Bc5 20.Be3 d4 21.Bxd4 Rd8 22.c3 Qb6
23.Rd2 bxc3 24.bxc3 Bxd4 25.cxd4 Qc6 26.Nf2 Qg2 27.O-O-O O-O 28.Kb2 Rb8 29.Qh3 Qd5
30.Rc2 a5 31.h5 a4 32.Rc5 Qd7 33.b4 Bd5 34.Qc3 a3+ 35.Ka1 Qb7 36.Rb1 Rfc8
37.b5 Bf3 38.h6 Bh5 39.Ne4 Rxc5 40.Nxc5 Qc7 41.Qxa3 Qd8 42.Qb4 Qd5 43.Rb2 Qh1+
44.Rb1 Qd5 45.hxg7 Kxg7 46.Rb2 Qh1+ 47.Rb1 Qd5 48.Rb2 Qh1+ 49.Rb1  1/2-1/2

[Event "Isle of Man op"]
[Site "Isle of Man"]
[Date "1997.??.??"]
[Round "1"]
[White "Cooper, Lawrence"]
[Black "Lalic, Bogdan"]
[Result "1/2-1/2"]
[WhiteElo "2330"]
[BlackElo "2600"]

1.e4 c5 2.Nf3 e6 3.Nc3 a6 4.d4 cxd4 5.Nxd4 Qc7 6.Bd3 g6 7.Be3 Bg7 8.Qd2 Nf6
9.Bh6 O-O 10.Bxg7 Kxg7 11.h4 h5 12.O-O-O Nc6 13.Nxc6 bxc6 14.f4 d5 15.e5 Ng4
16.Rdf1 a5 17.Be2 Ba6 18.Bxg4 Bxf1 19.Bxh5 Ba6 20.Bf3 Rab8 21.Nd1 c5 22.h5 Rh8
23.g4 d4 24.Re1 Bb7 25.Bxb7 Qxb7 26.f5 Qb4 27.Qf2 d3  1/2-1/2

[Event "Isle of Man op"]
[Site "Isle of Man"]
[Date "1997.??.??"]
[Round "5"]
[White "Liss, Eran"]
[Black "Gallagher, Joseph G"]
[Result "1/2-1/2"]
[WhiteElo "2540"]
[BlackElo "2525"]

1.e4 c5 2.Nf3 e6 3.d4 cxd4 4.Nxd4 a6 5.Nc3 Qc7 6.Be2 b5 7.O-O Bb7 8.Re1 Nc6
9.Nxc6 dxc6 10.e5 Bb4 11.Qd4 c5 12.Qg4 Bxc3 13.bxc3 Ne7 14.a4 O-O 15.axb5 Qxe5
16.Rb1 axb5 17.c4 h5 18.Qxh5 Qe4 19.Qh3 Nf5 20.Bb2 Qf4 21.cxb5 Ra2 22.Qg4 Qxg4
23.Bxg4 Nd4 24.Bd1 Bd5 25.Bxd4 cxd4 26.Rb4 Rb8 27.Rxd4 Rxb5 28.Be2 Rc5 29.Bd3 g6
30.h4 Kg7 31.Rb1 e5 32.Rdb4 e4 33.Bxe4 Bxe4 34.Rxe4 Rcxc2 35.Rf4 Rab2 36.Re1 Re2
37.Rf1 Ra2 38.g3 Rab2 39.Kg2 Ra2 40.Rf3 Rab2 41.Rf4 Ra2 42.Rh1 Rab2 43.h5 gxh5
44.Rxh5 Rb6 45.Rhf5 Re7 46.Rh5 Rh6 47.Rg4+ Rg6 48.Rgh4 Re2 49.Rh7+ Kf8 50.Rf4 Rg7
51.Rh6 Rg5 52.Rhf6 Re7  1/2-1/2

[Event "Isle of Man op"]
[Site "Isle of Man"]
[Date "1997.??.??"]
[Round "6"]
[White "David, Alberto"]
[Black "Emms, John M"]
[Result "1-0"]
[WhiteElo "2460"]
[BlackElo "2530"]

1.e4 c5 2.Nf3 e6 3.Nc3 a6 4.d4 cxd4 5.Nxd4 Qc7 6.Be2 Nc6 7.O-O Nf6 8.Be3 Bb4
9.Na4 O-O 10.c4 Bd6 11.g3 Nxe4 12.Bf3 Nc5 13.Nxc5 Bxc5 14.Nxc6 Bxe3 15.Ne7+ Kh8
16.fxe3 Qc5 17.Nxc8 Qxe3+ 18.Kh1 Raxc8 19.Qd6 Kg8 20.Rac1 b5 21.c5  1-0

[Event "ISR-chT"]
[Site "Israel"]
[Date "1997.??.??"]
[Round "4"]
[White "Krays, Alexander"]
[Black "Slutzky, Leonid"]
[Result "1-0"]
[WhiteElo "2375"]
[BlackElo "2380"]

1.e4 c5 2.Nf3 e6 3.Nc3 a6 4.d4 cxd4 5.Nxd4 Qc7 6.g3 Nf6 7.Bg2 Be7 8.O-O O-O
9.Be3 Nc6 10.f4 d6 11.Nb3 b5 12.a3 Bb7 13.Qe2 Rac8 14.Rad1 Rfd8 15.g4 Nd7
16.g5 Re8 17.Qh5 g6 18.Qh4 Na5 19.Rf3 Nc4 20.Rh3 Nf8 21.Bc1 Bd8 22.Kh1 Qe7
23.Qh6 f5 24.gxf6 Qxf6 25.Nd4 Bb6 26.Nde2 Bc5 27.b3 Nxa3 28.Bb2 Qf7 29.Rd2 b4
30.Na4 Ba7 31.c4 bxc3 32.Naxc3 Nb5 33.Nxb5 axb5 34.Nc3 Bc6 35.Rg3 b4 36.Ne2 Qb7
37.h4 Bxe4 38.h5 Bxg2+ 39.Rxg2 Qf7 40.Kh2 e5 41.Rxd6 Re6 42.Rxe6 Qxe6 43.Bxe5 Qe7
44.hxg6 hxg6 45.Rxg6+  1-0